000 00376 a2200109 4500
001 ART_11020
005 20260410161849.0
008 260409a
245 1 0 _aDinámica de inventarios y dinero bajo competencia monopolística y salarios de eficiencia
100 1 _aEscudé, Guillermo J.
773 0 _tEconómica
_g- Año XXXIV,Nº 1 (ene./jun.1988)
_wREV7541
999 _c24863
_d24863